00915nam a22002174a 450000500170000001000130001702000230003003500130005303700270006608200110009310000240010424501000012826000940022827000690032230000350039150001330042650400410055960000250060065000240062571000480064920110401123255.0 aB-425060 a8173052921c900.00 aB-425060 bResearchco Book Centre a793.311 aVenkateswaran, Usha14aThe life and times of La Meri :bthe queen of ethnic dance /ca monograph by Usha Venkateswaran aNew Delhi bIndira Gandhi National Centre for the Arts :bAryan Books Internationalc2005 aPooja Apartments, 4B, Ansari Road, Darya GanjbNew Delhie110002 axv, 112 p. :bill. c29cm(Hb)  a"Research material on 'La Meri' in the New York Public Library for the Performing Arts, Lincoln Centre, New York": p. [111]-112. aIncludes bibliographical references.00aLa Meri,d1898-1988. 0aDancersvBiography.2 aIndira Gandhi National Centre for the Arts.